00658 2200229 4500001002100000005001700021008004100038035002400079082001300103090002300116110004700139245005900186250001200245260002900257300003300286650004400319850002100363980001400384985000600398986000900404999001500413YOGYA-0209000004240220090227025850.0 ind  0010-020900000042402 a348.9598 a348.9598bInd LlR aINDONESIA 9Undang-undang, Peraturan, dsb.) aLembaran negara Republik Indonesia tahun 1966 no. 1-44 aTjet. 1 a[Djakarta]b[s.n.]c1968 axxxiii, 215 hlmbilusc22 cm aIndonesia - Undang-undang dan Peraturan aYOPDYOG [TRM 29] a28-7-2007 a1 aRuni a07A0024394